Úloha kreditných derivátov v riadení kreditného rizika diplomová práca
Na minha lista:
| Autor principal: | |
|---|---|
| Autor Corporativo: | |
| Outros Autores: | |
| Formato: | Livro |
| Idioma: | eslovaco |
| Publicado em: |
Bratislava
2019
|
| Tags: |
Sem tags, seja o primeiro a adicionar uma tag!
|
MARC
| LEADER | 00000nbm a2200000 4500 | ||
|---|---|---|---|
| 001 | 0254240 | ||
| 005 | 20191023084917.3 | ||
| 041 | 0 | |a slo | |
| 044 | |a SK | ||
| 245 | 1 | 0 | |a Úloha kreditných derivátov v riadení kreditného rizika |b diplomová práca |c Jakub Pethö ; školiteľ: Andrea Kaderová |
| 264 | 1 | |a Bratislava |c 2019 | |
| 300 | |a 55 s. | ||
| 100 | 1 | |a Pethö, Jakub | |
| 700 | 1 | |a Kaderová, Andrea | |
| 710 | 2 | |a Fakulta hospodárskej informatiky EU. Katedra matematiky a aktuárstva | |